Statistics for Premier League 2022/23 Goalscorers

Click here to take the quiz!

General Stats

  • This quiz has been taken 18 times
  • The average score is 100 of 270

Answer Stats

TeamGoalsPlayer% Correct
Arsenal14Bukayo Saka
100%
Arsenal15Gabriel Martinelli
100%
Liverpool19Mohamed Salah
100%
Liverpool3Virgil van Dijk
100%
Liverpool7Diogo Jota
90%
Manchester City36Erling Haaland
90%
Arsenal11Gabriel Jesus
90%
Tottenham Hotspur30Harry Kane
90%
Tottenham Hotspur10Heung-min Son
90%
Manchester City5Jack Grealish
90%
Manchester City2John Stones
90%
Liverpool4Luis Díaz
90%
Arsenal15Martin Ødegaard
90%
Manchester City11Phil Foden
90%
Liverpool11Roberto Firmino
90%
Manchester City2Rodri
90%
Liverpool2Trent Alexander-Arnold
90%
Crystal Palace7Wilfried Zaha
90%
Arsenal2Ben White
80%
Manchester City4Bernardo Silva
80%
Liverpool9Darwin Núñez
80%
Arsenal4Eddie Nketiah
80%
Brentford20Ivan Toney
80%
Leicester City3Jamie Vardy
80%
Manchester City7Kevin De Bruyne
80%
Nottingham Forest5Morgan Gibbs-White
80%
Aston Villa15Ollie Watkins
80%
Leeds United4Patrick Bamford
80%
Manchester United8Bruno Fernandes
70%
Newcastle United18Callum Wilson
70%
Tottenham Hotspur2Dejan Kulusevski
70%
Everton2Dominic Calvert-Lewin
70%
Bournemouth6Dominic Solanke
70%
Crystal Palace10Eberechi Eze
70%
Arsenal3Gabriel Magalhães
70%
Fulham2Harry Wilson
70%
Crystal Palace4Jordan Ayew
70%
Manchester City9Julián Álvarez
70%
Manchester United17Marcus Rashford
70%
Chelsea6Raheem Sterling
70%
Manchester City5Riyad Mahrez
70%
Leeds United13Rodrigo
70%
Arsenal2William Saliba
70%
Everton6Abdoulaye Doucouré
60%
Fulham14Aleksandar Mitrović
60%
Newcastle United10Alexander Isak
60%
Fulham4Andreas Pereira
60%
Everton3Anthony Gordon
60%
Newcastle United1Anthony Gordon
60%
Manchester United4Casemiro
60%
Liverpool7Cody Gakpo
60%
Fulham2Daniel James
60%
Aston Villa6Danny Ings
60%
West Ham United2Danny Ings
60%
Manchester City8İlkay Gündoğan
60%
Leicester City10James Maddison
60%
Southampton9James Ward-Prowse
60%
West Ham United6Jarrod Bowen
60%
Liverpool1Joël Matip
60%
Chelsea7Kai Havertz
60%
Arsenal1Leandro Trossard
60%
Brighton & Hove Albion7Leandro Trossard
60%
Aston Villa1Lucas Digne
60%
Crystal Palace1Marc Guéhi
60%
Crystal Palace2Michael Olise
60%
Leicester City4Patson Daka
60%
Bournemouth7Philip Billing
60%
Chelsea1Reece James
60%
Tottenham Hotspur1Richarlison
60%
Arsenal3Thomas Partey
60%
Fulham5Willian
60%
Tottenham Hotspur2Ben Davies
50%
Brentford9Bryan Mbeumo
50%
Southampton5Ché Adams
50%
Liverpool3Curtis Jones
50%
West Ham United4Declan Rice
50%
Tottenham Hotspur2Eric Dier
50%
Arsenal7Granit Xhaka
50%
Leicester City13Harvey Barnes
50%
Liverpool1Harvey Elliott
50%
Manchester City2João Cancelo
50%
Crystal Palace1Joel Ward
50%
Aston Villa1John McGinn
50%
Leicester City5Kelechi Iheanacho
50%
Newcastle United11Miguel Almirón
50%
Tottenham Hotspur4Pierre-Emile Højbjerg
50%
Arsenal3Reiss Nelson
50%
Leicester City1Ricardo Pereira
50%
Tottenham Hotspur5Rodrigo Bentancur
50%
Brighton & Hove Albion7Solly March
50%
Southampton2Adam Armstrong
40%
Everton2Alex Iwobi
40%
Manchester United6Anthony Martial
40%
Nottingham Forest8Brennan Johnson
40%
Nottingham Forest1Cheikhou Kouyaté
40%
Brentford1Christian Nørgaard
40%
Chelsea3Conor Gallagher
40%
Brighton & Hove Albion6Danny Welbeck
40%
Tottenham Hotspur2Emerson Royal
40%
Aston Villa5Emiliano Buendía
40%
Aston Villa6Jacob Ramsey
40%
Crystal Palace3Jeffrey Schlupp
40%
Crystal Palace1Joachim Andersen
40%
Chelsea2Jorginho
40%
Aston Villa4Leon Bailey
40%
Manchester United1Lisandro Martínez
40%
Leeds United5Luis Sinisterra
40%
Leicester City1Marc Albrighton
40%
Brentford5Mathias Jensen
40%
Everton1Michael Keane
40%
West Ham United5Michail Antonio
40%
Manchester City1Nathan Aké
40%
Nottingham Forest1Neco Williams
40%
West Ham United3Pablo Fornals
40%
Brighton & Hove Albion9Pascal Groß
40%
Tottenham Hotspur2Ryan Sessegnon
40%
Everton1Séamus Coleman
40%
Southampton2Stuart Armstrong
40%
Brentford3Vitaly Janelt
40%
Brentford7Yoane Wissa
40%
Leicester City3Youri Tielemans
40%
Wolverhampton Wanderers2Adama Traoré
30%
Manchester United3Alejandro Garnacho
30%
Manchester United4Antony
30%
Chelsea2Ben Chilwell
30%
Brentford3Ben Mee
30%
Aston Villa2Bertrand Traoré
30%
Fulham4Bobby Decordova-Reid
30%
Manchester United1Christian Eriksen
30%
Chelsea1Christian Pulisic
30%
Newcastle United2Chris Wood
30%
Nottingham Forest1Chris Wood
30%
Manchester United1Cristiano Ronaldo
30%
Newcastle United1Dan Burn
30%
Manchester United1Diogo Dalot
30%
Aston Villa6Douglas Luiz
30%
Brighton & Hove Albion6Evan Ferguson
30%
Wolverhampton Wanderers3Hee-chan Hwang
30%
Manchester United6Jadon Sancho
30%
Arsenal1Jakub Kiwior
30%
Everton1James Tarkowski
30%
Bournemouth5Jefferson Lerma
30%
Newcastle United6Joelinton
30%
Brighton & Hove Albion7Kaoru Mitoma
30%
Newcastle United1Kieran Trippier
30%
Brighton & Hove Albion1Lewis Dunk
30%
Leeds United2Luke Ayling
30%
Manchester United1Luke Shaw
30%
Bournemouth2Marcos Senesi
30%
Bournemouth5Marcus Tavernier
30%
Chelsea3Mason Mount
30%
Tottenham Hotspur1Matt Doherty
30%
Everton1Neal Maupay
30%
Arsenal1Oleksandr Zinchenko
30%
Tottenham Hotspur1Oliver Skipp
30%
Aston Villa1Philippe Coutinho
30%
Arsenal1Rob Holding
30%
West Ham United6Saïd Benrahma
30%
Manchester United1Scott McTominay
30%
Newcastle United1Sean Longstaff
30%
Nottingham Forest1Serge Aurier
30%
Nottingham Forest10Taiwo Awoniyi
30%
Leicester City2Timothy Castagne
30%
Fulham1Tim Ream
30%
Fulham2Tom Cairney
30%
Aston Villa1Tyrone Mings
30%
Brighton & Hove Albion2Adam Lallana
20%
Liverpool1Alex Oxlade-Chamberlain
20%
Newcastle United1Allan Saint-Maximin
20%
Everton1Amadou Onana
20%
Bournemouth1Antoine Semenyo
20%
Newcastle United4Bruno Guimarães
20%
Leicester City1Çağlar Söyüncü
20%
Wolverhampton Wanderers1Craig Dawson
20%
Everton4Demarai Gray
20%
Southampton1Duje Ćaleta-Car
20%
Everton7Dwight McNeil
20%
West Ham United1Emerson Palmieri
20%
Newcastle United1Fabian Schär
20%
Arsenal1Fábio Vieira
20%
Manchester United2Fred
20%
Fulham3Harrison Reed
20%
Leeds United5Jack Harrison
20%
Newcastle United4Jacob Murphy
20%
Crystal Palace1James Tomkins
20%
Crystal Palace2Jean-Philippe Mateta
20%
Fulham3João Palhinha
20%
Brighton & Hove Albion1Joël Veltman
20%
Chelsea2Kalidou Koulibaly
20%
Bournemouth4Kieffer Moore
20%
Leicester City2Kiernan Dewsbury-Hall
20%
West Ham United2Kurt Zouma
20%
Leeds United1Liam Cooper
20%
West Ham United4Lucas Paquetá
20%
Chelsea1Mateo Kovačić
20%
Wolverhampton Wanderers2Matheus Cunha
20%
Brighton & Hove Albion1Moisés Caicedo
20%
Leicester City1Nampalys Mendy
20%
Crystal Palace5Odsonne Édouard
20%
Leeds United2Pascal Struijk
20%
Chelsea1Pierre-Emerick Aubameyang
20%
Brentford1Pontus Jansson
20%
Leeds United3Rasmus Kristensen
20%
Liverpool1Stefan Bajčetić
20%
West Ham United2Tomáš Souček
20%
Everton2Yerry Mina
20%
Brighton & Hove Albion10Alexis Mac Allister
10%
Chelsea1Armando Broja
10%
Tottenham Hotspur1Arnaut Danjuma
10%
Chelsea1Benoît Badiashile
10%
Leeds United1Brenden Aaronson
10%
Southampton4Carlos Alcaraz
10%
Fulham5Carlos Vinícius
10%
Leeds United4Crysencio Summerville
10%
Bournemouth1Dango Ouattara
10%
Wolverhampton Wanderers6Daniel Podence
10%
Nottingham Forest3Danilo
10%
Wolverhampton Wanderers1Diego Costa
10%
Nottingham Forest2Emmanuel Dennis
10%
Brentford3Ethan Pinnock
10%
Liverpool2Fábio Carvalho
10%
West Ham United3Gianluca Scamacca
10%
Bournemouth3Jaidon Anthony
10%
Chelsea4João Félix
10%
Wolverhampton Wanderers1João Gomes
10%
Southampton2Joe Aribo
10%
Newcastle United3Joe Willock
10%
Nottingham Forest1Joe Worrall
10%
Brighton & Hove Albion4Julio Enciso
10%
Southampton2Kamaldeen Sulemana
10%
Fulham1Kenny Tete
10%
Nottingham Forest1Lewis O'Brien
10%
Fulham4Manor Solomon
10%
West Ham United1Manuel Lanzini
10%
Wolverhampton Wanderers1Matheus Nunes
10%
Bournemouth2Matías Viña
10%
West Ham United2Nayef Aguerd
10%
Chelsea1Noni Madueke
10%
Tottenham Hotspur3Pedro Porro
10%
Brighton & Hove Albion1Pervis Estupiñán
10%
Wolverhampton Wanderers1Rayan Aït-Nouri
10%
Southampton2Romain Perraud
10%
Wolverhampton Wanderers6Rúben Neves
10%
Leeds United1Sam Greenwood
10%
Nottingham Forest1Sam Surridge
10%
Southampton1Sékou Mara
10%
Leicester City1Tetê
10%
Southampton2Theo Walcott
10%
Fulham1Tosin Adarabioyo
10%
Wolverhampton Wanderers1Toti Gomes
10%
Leeds United2Wilfried Gnonto
10%
Aston Villa1Ashley Young
0%
Everton1Conor Coady
0%
Brighton & Hove Albion5Deniz Undav
0%
Leicester City1Dennis Praet
0%
Everton1Ellis Simms
0%
Brighton & Hove Albion1Facundo Buonanotte
0%
Wolverhampton Wanderers1Gonçalo Guedes
0%
Fulham1Issa Diop
0%
Tottenham Hotspur1Ivan Perišić
0%
Wolverhampton Wanderers1Jonny Castro
0%
Brentford4Josh Dasilva
0%
Leeds United1Junior Firpo
0%
Leeds United1Marc Roca
0%
Nottingham Forest1Orel Mangala
0%
Wolverhampton Wanderers1Pablo Sarabia
0%
Bournemouth1Ryan Christie
0%
Chelsea1Wesley Fofana
0%
Crystal Palace1Will Hughes
0%
Leicester City1Wout Faes
0%

Score Distribution

Percentile by Number Answered

Percent of People with Each Score

Your Score History

You have not taken this quiz